Pakistan dil ve edebiyatı. (Record no. 50852)

MARC details
000 -LEADER
fixed length control field 00590cam a22002171 4500
001 - CONTROL NUMBER
control field ne 68003865
003 - CONTROL NUMBER IDENTIFIER
control field DLC
005 - DATE AND TIME OF LATEST TRANSACTION
control field 20260227111847.0
008 - FIXED-LENGTH DATA ELEMENTS--GENERAL INFORMATION
fixed length control field 940330s1966 tu c b 000 0 tur
010 ## - LIBRARY OF CONGRESS CONTROL NUMBER
LC control number ne 68003865
035 ## - SYSTEM CONTROL NUMBER
System control number (OCoLC)30058621
040 ## - CATALOGING SOURCE
Original cataloging agency DLC
Transcribing agency CU
Modifying agency DLC
042 ## - AUTHENTICATION CODE
Authentication code premarc
050 00 - LIBRARY OF CONGRESS CALL NUMBER
Classification number PK2903
Item number .S37
100 1# - MAIN ENTRY--PERSONAL NAME
Personal name Savcı, Selâddin.
245 10 - TITLE STATEMENT
Title Pakistan dil ve edebiyatı.
260 ## - PUBLICATION, DISTRIBUTION, ETC.
Place of publication, distribution, etc. İstanbul,
Name of publisher, distributor, etc. Fatih Matbaası,
Date of publication, distribution, etc. 1966.
300 ## - PHYSICAL DESCRIPTION
Extent 112 p.
Other physical details ports.
Dimensions 19 cm.
504 ## - BIBLIOGRAPHY, ETC. NOTE
Bibliography, etc. note Bibliography: p. 110.
650 #0 - SUBJECT ADDED ENTRY--TOPICAL TERM
Topical term or geographic name entry element Pakistani literature
General subdivision History and criticism.

No items available.

Powered by Koha